Normal view MARC view

Entry Topical Term

Number of records used in: 1

001 - CONTROL NUMBER

  • control field: 55011

003 - CONTROL NUMBER IDENTIFIER

  • control field: OSt

005 - DATE AND TIME OF LATEST TRANSACTION

  • control field: 20241010145949.0

008 - FIXED-LENGTH DATA ELEMENTS

  • fixed length control field: 241010|| aca||aabn | a|a d

040 ## - CATALOGING SOURCE

  • Original cataloging agency: OSt
  • Transcribing agency: OSt

150 ## - HEADING--TOPICAL TERM

  • Topical term or geographic name entry element: ကမ္ဘာအေးစေတီတေ်
  • Geographic subdivision: အင်္ဂလန်နိုင်ငံ

670 ## - SOURCE DATA FOUND

  • Source citation: Work cat.: (OSt): ညောင်ကန်အေးဆရာတော်။ 55010, အင်္ဂလန်နိုင်ငံ ဘာမင်ဂန်မြို့ ဓမ္မတဠာက ကမ္ဘာအေးစေတီတော် ပြီးမြောက်အောင်မြင် ပူဇာသဘင်မှတ်တမ်း /, [၁၉၉၉]။

Library - 09407999929
Admin Office - 09407999979
Dean Office - 09250910768
Registrar Office - 09892297154
Email - [email protected]
Shan State Buddhist University, Phaya Phyu Taunggyi, Shan State, Myanmar.